Advanced progressive matrices: [APM]
| Tipo de documento: | Print Libro Conjunto |
|---|---|
| Lenguaje: | Alemán Inglés |
| Publicado: |
Weinheim
Beltz Test Ges.
19XX-
Oxford Oxford Psychologists Pr. 19XX- |
| En: | Año: 1980 |
| Verificar disponibilidad: | HBZ Gateway |
| Servicio de pedido Subito: | Pedir ahora. |
| Volúmenes / Artículos: | Mostrar volumes / artículos. |
MARC
| LEADER | 00000com a22000002ca4500 | ||
|---|---|---|---|
| 001 | 1132899842 | ||
| 003 | DE-627 | ||
| 005 | 20220611134637.0 | ||
| 007 | ou | ||
| 008 | 971203n19uuuuuuxx ||| | | b|ger c | ||
| 035 | |a (DE-627)1132899842 | ||
| 035 | |a (DE-576)062899848 | ||
| 035 | |a (DE-599)BSZ062899848 | ||
| 040 | |a DE-627 |b ger |c DE-627 |e rakwb | ||
| 041 | |a ger |a eng | ||
| 084 | |a CT 1500 |2 rvk |0 (DE-625)rvk/19052: | ||
| 190 | |j 1980 | ||
| 245 | 0 | 0 | |a Advanced progressive matrices |b [APM] |
| 264 | 1 | |a Weinheim |b Beltz Test Ges. |c 19XX- | |
| 264 | 1 | |a Oxford |b Oxford Psychologists Pr. |c 19XX- | |
| 300 | |a Testmappe mit Manual, set 1, set 2, Antwortbogen | ||
| 336 | |a Sonstige |b xxx |2 rdacontent | ||
| 337 | |a nicht spezifiziert |b z |2 rdamedia | ||
| 338 | |a nicht spezifiziert |b zu |2 rdacarrier | ||
| 490 | 0 | |a Beltz-Test | |
| 500 | |a Titel teilw. engl. - Sets erscheinen im Verl. Oxford Psychologists Pr | ||
| 936 | r | v | |a CT 1500 |b Einzeltests oder Individualtests |k Psychologie |k Tests |k Tests zur Messung der Intelligenz |k Einzeltests oder Individualtests |0 (DE-627)1271486164 |0 (DE-625)rvk/19052: |0 (DE-576)201486164 |
| 951 | |a MC | ||
| ORI | |a SA-MARC-krimdokb001.raw | ||
| SPR | |a 1 |t KRI | ||
